000 00753nam a2200277Ia 4500
001 Para_4872
003 CHAP
008 220125s1938 xx 000 0 und d
010 _a203313
040 _cCHAP
090 _aPA FOLLETO 2307
100 _aHoerner, John L
_955775
245 _aControlling the squash bug /
_c John L. Hoerner
260 _aFort Collins :
_b Colorado Experiment Station
300 _a8 p.
440 _aColorado Exp. Sta. Press Bull.; 93
_9169045
500 _a1
650 _aAnasa tristis Control de plagas
_9169046
901 _aPA FOLLETO 2307
902 _aA
905 _a0000001938 FOR 0000000000 00
910 _a1938
942 _cPARA
942 _cPARA
_d1
999 _c203313
_d203313